| 000 | 00695nam a2200217 a 4500 | ||
|---|---|---|---|
| 001 | 000005552 | ||
| 005 | 20200929151718.0 | ||
| 008 | 090820s1997 sp 001 0 spa d | ||
| 020 | _a8400076559 | ||
| 040 | _aDO-SdBNP | ||
| 082 |
_axxxx _bV474i |
||
| 100 | 1 |
_aVeracruz, Alonso de _915683 |
|
| 245 | 1 | 0 |
_aDe iusto bello contra indos / _cAlonso de Veracruz. |
| 260 |
_aMadrid, : _bCSIC, _c1997. |
||
| 300 |
_a365 p. : _b24 cm. |
||
| 440 | 0 |
_aCorpus Hispanorum de Pace _psegunda _v4 _915684 |
|
| 504 | _aIncluye referencias bibliográficas y notas al pie de las páginas | ||
| 504 | _aIncluye bibliografías | ||
| 710 | 1 |
_aConsejo Superior de Investigaciones Científicas _94786 |
|
| 049 | _aBNPD | ||
| 999 |
_c5351 _d5351 |
||